Statistics for Every Countries with a speedrunner in New Super Mario Bros (Any%)

Click here to take the quiz!

General Stats

  • This quiz has been taken 61 times
  • The average score is 19 of 27

Answer Stats

#Best RunnerTime*Country% Correct
1stMyLittleWalrus23m 16sUnited States
100%
89thHallo81529m 57sUnited States Virgin Islands
100%
5thAndreMH23m 41sJapan
92%
6thv1bertizm23m 42sEngland
90%
4thGregLvk23m 30sFrance
90%
169thalex50121240m 16sNorthern Ireland
90%
50thEwan-Troy26m 58sScotland
90%
160thPodderz38m 18sWales
90%
91stRogatini30m 05sUnited Kingdom
88%
40thTylerH32126m 32sCanada
86%
34thD-Lord26m 14sGermany
86%
15thPainPita24m 50sQuebec
86%
43rdpetacreepers2326m 40sSpain
84%
186thLuizDL2h 14m 19sBrazil
80%
62ndlachy392327m 43sAustralia
78%
26thMishu25m 30sItaly
73%
46thMellraken26m 46sSweden
73%
42ndThat_________Mapper26m 37sNorway
69%
45thchrix8526m 44sFinland
65%
55thRasburr27m 25sIreland
59%
106thDjip31m 16sDenmark
53%
32ndTrirunnerrr26m 02sNetherlands
53%
103rdSpeedy_runner31m 04sBelgium
49%
51stDrakegan27m 12sAustria
47%
80thWhitePaaws29m 19sColombia
33%
21stenejlah25m 13sSlovenia
22%
142ndmat1jaczyyy37m 57sCroatia
20%

Score Distribution

Percentile by Number Answered

Percent of People with Each Score

Your Score History

You have not taken this quiz